The Malaysian economy in figures 2008.
| Corporate Author: | |
|---|---|
| Format: | Book |
| Published: |
Putrajaya:
Economic Planning Unit,Prime Minister's Department,
2008.
|
| Subjects: |
| LEADER | 00507cam a2200145 7i4500 | ||
|---|---|---|---|
| 001 | 0000022609 | ||
| 005 | 20090422090000.0 | ||
| 090 | 0 | 0 | |a M 310.9 |b ECO |
| 110 | 2 | 0 | |a Economic Planning Unit,Prime Minister's Department |
| 245 | 2 | 0 | |a The Malaysian economy in figures 2008. |
| 260 | 0 | 0 | |a Putrajaya: |b Economic Planning Unit,Prime Minister's Department, |c 2008. |
| 300 | # | # | |a 58 p. |
| 650 | 0 | 0 | |a Malaysia -- |x Economic conditions -- |x Statistics |
| 651 | 0 | 0 | |a Malaysia |
| 999 | |a 0000024299 |b Book |c Countries |e Business Information Centre | ||